|
|
|
|
| LEADER |
00712nam a2200253 a 4500 |
| 001 |
adlib96000001 |
| 003 |
ViArRB |
| 005 |
20151026132043.0 |
| 008 |
960221s1955 dcuabcdjdbkoqu001 0deng d |
| 020 |
|
|
|a 81-2031-9524
|
| 022 |
|
|
|
| 040 |
|
|
|a Adlib
|
| 082 |
|
|
|a 621.38
|
| 245 |
|
|
|a Basic electronics: devices, circuits and it fundamentals
|
| 250 |
|
|
|
| 260 |
|
|
|a New Delhi
|b Prentice hall of india
|c 2002
|
| 300 |
|
|
|a xv, 575p.
|
| 500 |
|
|
|a
|
| 100 |
|
|
|a Kal, Santiram
|
| 700 |
|
|
|
| 942 |
|
|
|c BK
|6 _
|
| 653 |
|
|
|a Electronics- Devices and circuits
|
| 999 |
|
|
|c 40785
|d 40785
|
| 952 |
|
|
|0 0
|1 0
|4 0
|6 62138_KAL
|7 0
|9 52727
|a UL
|b UL
|d 2010-06-16
|l 29
|m 2
|o 621.38 KAL
|p 00051927
|r 2015-06-24
|s 2015-06-19
|w 2010-06-16
|y BK
|